000 00705nam a22001937a 4500
005 20251108164258.0
008 250721s1985 xx 000 0 ara d
082 1 4 _a352.0565/عسا
100 1 _aعساف، عبد المعطي محمد
245 1 0 _aتنظيم الإدارة المحلية في المملكة الأردنية الهاشمية :
_bدراسة تحليلية /
264 1 _aعمان :
_bالمنظمة العربية للعلوم الإدارية،
_c1985.
300 _a93ص.
650 1 7 _aالإدارة المحلية
650 1 7 _aالأردن
650 1 7 _aالحكومة المحلية
700 1 _aأبو شيخة، نادر أحمد
942 _2ddc
_cBK
999 _c8198
_d8198